Las reglas del método sociológico

Збережено в:
Бібліографічні деталі
Автор: Durkheim, Emile (Автор)
Формат: Книга
Мова:Іспанська
Опубліковано: Buenos Aires La Pleyade 1985
Предмети:
Теги: Додати тег
Немає тегів, Будьте першим, хто поставить тег для цього запису!

MARC

LEADER 00000nam a2200000 a 4500
001 UCW9396
003 CL-VaPUC
005 20231221093426.0
008 890412e19850000AG |||||||||||||||||spa|d
999 |c 221389  |d 221387 
040 |c Pontificia Universidad Católica de Valparaíso 
082 0 4 |a 301.045  |b DUR  |2 21 
100 0 |a Durkheim, Emile  |e author  |9 314654 
245 1 4 |a Las reglas del método sociológico 
260 |a Buenos Aires  |b La Pleyade  |c 1985 
300 |a 157 p 
583 |a last modification  |c 19890412 00:00:00  |k Rodrigo Vera 
650 0 |a Sociología  |9 886631  |x Metodología 
650 0 |a Grupos sociales  |9 268887 
650 0 |a Ciencias sociales   |9 256351 
942 |c BK  |2 ddc 
945 |d 19890412 00:00:00 
952 |0 0  |1 0  |4 0  |6 301_045000000000000_DUR_1985  |7 0  |8 R  |9 214657  |a BIBENE  |b BIBENE  |d 2019-11-15  |i 2832097  |o 301.045 DUR 1985  |p 2832097  |r 2025-01-15  |w 2019-11-15  |y BK_R  |k ICO 
952 |0 0  |1 0  |4 0  |6 301_045000000000000_DUR_1985  |7 0  |8 P  |9 214658  |a BIBEDU  |b BIBEDU  |c BIBEDU_PB  |d 2019-11-15  |i 1516310  |o 301.045 DUR 1985  |p 1516310  |r 2024-01-25  |w 2019-11-15  |y BK  |k EDU 
952 |0 0  |1 0  |4 0  |6 301_045000000000000_DUR_1985  |7 0  |8 P  |9 214659  |a BIBEDU  |b BIBEDU  |c BIBEDU_PB  |d 2019-11-15  |i 1516329  |o 301.045 DUR 1985  |p 1516329  |r 2024-01-25  |w 2019-11-15  |y BK  |k EDU